000 00855nas a2200265 4500
001 BR0801681
003 BR-BrBNA
005 20231205111726.0
007 ta
008 230509b bl.|||p| |||| 00| 00por d
040 _aBR-BrBNA
_bpor
_cBiblioteca Nacional de Agricultura
041 _a(Pt)
072 _aL74; L73
100 1 _aTrapo, S.M.
100 1 _aNeta, J.H.
245 1 _aComplicações da insulinoterapia em cães com diabete melito
_bRevisão da literatura
650 _aDIABETE
650 _aDISTÚRBIO FISIOLÓGICO
650 _aINSULINA
650 _aCÃO
650 _aDOENÇA ANIMAL
773 0 _tMEDVEP. Revista Cientifíca de Medicina Veterinária. Pequenos Animais e Animais Domésticos (Brazil)
_xISSN 1678-1430
_g(2005), v. 3(10) p. 123-127
_wBR0801681
909 _a202311
_bLúcia
_c55
_dLúcia Elande
942 _2AGRIS
_n0
_cANA
999 _c194172
_d194172